[Event "Staufer op 34th"]
[Site "Schwaebisch Gmuend"]
[Date "2024.01.06"]
[Round "9"]
[White "Duong, Quang Bach"]
[Black "Lesny, Florian"]
[Result "1-0"]
[WhiteElo "1945"]
[BlackElo "2196"]
[PlyCount "71"]
[EventDate "2024.01.02"]
[EventType "swiss"]
[EventRounds "9"]
[EventCountry "GER"]
[SourceTitle "CB02_2024"]
[SourceDate "2024.01.10"]
[SourceVersion "1"]
[SourceVersionDate "2024.01.10"]
[SourceQuality "1"]

1. e4 c5 2. Nf3 d6 3. d4 cxd4 4. Qxd4 Nc6 5. Qe3 g6 6. Be2 Bg7 7. 0-0 Nf6 8. h3 0-0 9. Rd1 Qc7 10. c4 Be6 11. Ng5 Bd7 12. Nc3 Ne5 13. b3 Bc6 14. Rb1 h6 15. Nf3 Nxf3+ 16. Bxf3 Nd7 17. Nd5 Qd8 18. Be2 a6 19. a4 Rb8 20. Bd2 Nc5 21. a5 e6 22. Nb6 Nxe4 23. Bb4 Be5 24. f4 Bg7 25. Bf3 f5 26. Bxd6 Nc3 27. Bxb8 Nxd1 28. Rxd1 Qxb8 29. Bxc6 bxc6 30. Nd7 Qe8 31. Nxf8 Bxf8 32. Qa7 e5 33. Qd7 Bc5+ 34. Kf1 Qxd7 35. Rxd7 exf4 36. Rc7 1-0

[Event "Staufer op 34th"]
[Site "Schwaebisch Gmuend"]
[Date "2024.01.05"]
[Round "7"]
[White "Duong, Quang Bach"]
[Black "Kueppers, Timo"]
[Result "0-1"]
[WhiteElo "1945"]
[BlackElo "2198"]
[PlyCount "48"]
[EventDate "2024.01.02"]
[EventType "swiss"]
[EventRounds "9"]
[EventCountry "GER"]
[SourceTitle "CB02_2024"]
[SourceDate "2024.01.10"]
[SourceVersion "1"]
[SourceVersionDate "2024.01.10"]
[SourceQuality "1"]

1. e4 c5 2. Nf3 Nc6 3. Bb5 g6 4. 0-0 Bg7 5. Re1 Nf6 6. c3 0-0 7. d4 d5 8. e5 Ne4 9. Be3 Qb6 10. Bxc6 bxc6 11. Qc1 Rb8 12. b3 Qa5 13. dxc5 Rxb3 14. axb3 Qxa1 15. Bd4 Qa2 16. Nbd2 Nxd2 17. Nxd2 Bf5 18. c4 dxc4 19. b4 Bh6 20. Be3 Bxe3 21. Rxe3 Rd8 22. Nxc4 Qa4 23. Qc3 Rd1+ 24. Re1 Qc2 0-1

[Event "Nuremberg Zabo op 23rd"]
[Site "Nuremberg"]
[Date "2023.09.17"]
[Round "4"]
[White "Duong, Quang Bach"]
[Black "Albayrak, Aylin"]
[Result "1-0"]
[WhiteElo "1793"]
[BlackElo "1616"]
[PlyCount "67"]
[EventDate "2023.09.15"]
[EventType "swiss"]
[EventRounds "5"]
[EventCountry "GER"]
[SourceTitle "EXT 2024"]
[Source "ChessBase"]
[SourceDate "2023.10.10"]
[SourceVersion "1"]
[SourceVersionDate "2023.10.10"]
[SourceQuality "1"]

1. d4 Nf6 2. c4 g6 3. g3 Bg7 4. Bg2 0-0 5. Nc3 d6 6. Nf3 c5 7. d5 Nbd7 8. 0-0 a6 9. a4 Rb8 10. Re1 Nb6 11. Qd3 Re8 12. Bf4 Nh5 13. Bg5 h6 14. Bd2 Bg4 15. Nh4 Qd7 16. e4 Bh3 17. Ra3 Bxg2 18. Kxg2 Na8 19. Rb1 Nc7 20. Rb3 e6 21. Re1 Nf6 22. dxe6 Rxe6 23. Nf3 Ng4 24. Bf4 Ne8 25. a5 g5 26. Bc1 Ne5 27. Nxe5 Bxe5 28. Nd5 Rg6 29. Bd2 Nc7 30. Ne3 Ne6 31. Nf5 Nd4 32. Rb6 Nxf5 33. exf5 Rf6 34. Bc3 1-0

[Event "GER-chT Christmas U16 Steinitz"]
[Site "Playchess.com INT"]
[Date "2020.12.28"]
[Round "2.1"]
[White "Duong, Quang Bach"]
[Black "Eilenberg, Jonas"]
[Result "0-1"]
[WhiteElo "1440"]
[BlackElo "2155"]
[PlyCount "71"]
[EventDate "2020.12.28"]
[EventType "team-swiss (blitz)"]
[EventRounds "7"]
[EventCountry "GER"]
[SourceTitle "CBM 200 Extra"]
[Source "ChessBase"]
[SourceDate "2021.03.31"]
[SourceVersion "1"]
[SourceVersionDate "2021.03.31"]
[SourceQuality "1"]
[WhiteTeam "Nuernberg"]
[BlackTeam "Koenigsjaeger Sued West"]
[WhiteTeamCountry "GER"]
[BlackTeamCountry "GER"]

1. d4 e6 2. c4 d5 3. Nc3 c6 4. e3 Nf6 5. Nf3 Nbd7 6. Qc2 Bd6 7. Bd3 dxc4 8. Bxc4 b5 9. Be2 Bb7 10. 0-0 a6 11. e4 e5 12. dxe5 Nxe5 13. Nd4 b4 14. Na4 c5 15. Nf5 Bxe4 16. Nxd6+ Qxd6 17. Qxc5 Qxc5 18. Nxc5 0-0 19. Bf4 Ng6 20. Bg3 Rfd8 21. Rfd1 a5 22. Nxe4 Nxe4 23. Bf3 f5 24. Bc7 Rdc8 25. Rac1 a4 26. g4 Nh4 27. Bh1 a3 28. b3 Nc3 29. Bxa8 Rxa8 30. Rxc3 bxc3 31. gxf5 Rc8 32. Rd8+ Rxd8 33. Bxd8 c2 34. Bg5 Nf3+ 35. Kf1 Nxg5 36. Ke2 0-1

[Event "GER-chT Christmas U16 Steinitz"]
[Site "Playchess.com INT"]
[Date "2020.12.28"]
[Round "6.1"]
[White "Fellberg, Justus"]
[Black "Duong, Quang Bach"]
[Result "1-0"]
[WhiteElo "1200"]
[BlackElo "1440"]
[PlyCount "103"]
[EventDate "2020.12.28"]
[EventType "team-swiss (blitz)"]
[EventRounds "7"]
[EventCountry "GER"]
[SourceTitle "CBM 200 Extra"]
[Source "ChessBase"]
[SourceDate "2021.03.31"]
[SourceVersion "1"]
[SourceVersionDate "2021.03.31"]
[SourceQuality "1"]
[WhiteTeam "Wilhelmsburg"]
[BlackTeam "Nuernberg"]
[WhiteTeamCountry "GER"]
[BlackTeamCountry "GER"]

1. e4 c5 2. Nf3 d6 3. d4 cxd4 4. Nxd4 Nf6 5. f3 a6 6. c4 e5 7. Nc2 Nc6 8. Nc3 Be6 9. Be3 Rc8 10. Be2 Be7 11. 0-0 0-0 12. b3 Nd7 13. Nd5 b5 14. Nxe7+ Qxe7 15. cxb5 axb5 16. Bxb5 Na7 17. Bd3 Nc5 18. b4 Nxd3 19. Qxd3 Bc4 20. Qd1 Bxf1 21. Bxa7 Qxa7+ 22. Kxf1 Qb7 23. a3 Qb5+ 24. Kg1 Rc6 25. Ne3 Rfc8 26. Nd5 Qb7 27. h3 Kf8 28. Qa4 Rc2 29. Ne3 Re2 30. Nd5 Rcc2 31. g4 Rg2+ 32. Kf1 Rcf2+ 33. Ke1 Re2+ 34. Kf1 Ref2+ 35. Ke1 Rxf3 36. Rd1 Rxh3 37. Kf1 Rxg4 38. Qa5 Rf3+ 39. Ke2 f6 40. Kxf3 Qc8 41. Ne3 Rf4+ 42. Ke2 Qh3 43. Qd8+ Kf7 44. Qc7+ Kg6 45. Rg1+ Kh5 46. Qxg7 Qf3+ 47. Kd2 Qxe4 48. Rh1+ Qxh1 49. Qxh7+ Kg5 50. Qxh1 Rd4+ 51. Kc3 Kf4 52. Nc2 1-0

[Event "Mittelfranken-chTB2b 1920"]
[Site "Mittelfranken"]
[Date "2020.02.16"]
[Round "6.6"]
[White "Duong, Quang Bach"]
[Black "Nickl, Gerhard"]
[Result "1/2-1/2"]
[WhiteElo "1658"]
[BlackElo "1719"]
[PlyCount "75"]
[EventDate "2019.10.13"]
[EventType "team-tourn"]
[EventRounds "9"]
[EventCountry "GER"]
[SourceTitle "EXT 2023"]
[Source "ChessBase"]
[SourceDate "2022.10.05"]
[SourceVersion "1"]
[SourceVersionDate "2022.10.05"]
[SourceQuality "1"]
[WhiteTeam "Nuernberg SK 1911 II"]
[BlackTeam "Stein SC"]
[WhiteTeamCountry "GER"]
[BlackTeamCountry "GER"]

1. e4 c6 2. Nc3 d5 3. Qe2 d4 4. Nd1 e5 5. d3 Nf6 6. g3 Bd6 7. f4 Bg4 8. Nf3 Nbd7 9. Nf2 Bxf3 10. Qxf3 Qc7 11. Bh3 Bb4+ 12. Kf1 Bd6 13. Kg2 0-0-0 14. Ng4 Nxg4 15. Bxg4 Kb8 16. Bxd7 Qxd7 17. fxe5 Bxe5 18. Bf4 Bxf4 19. Qxf4+ Qc7 20. Rhf1 f6 21. Qxc7+ Kxc7 22. Rf5 Rhe8 23. Raf1 Re5 24. g4 h6 25. h4 Kd6 26. g5 hxg5 27. hxg5 Rxf5 28. Rxf5 Ke6 29. a4 b6 30. b4 Rf8 31. Kg3 Rh8 32. b5 cxb5 33. Rxb5 Rc8 34. gxf6 gxf6 35. a5 bxa5 36. Rxa5 Rxc2 37. Ra6+ Ke5 38. Ra5+ 1/2-1/2